Seniors and their food shopping behavior: an empirical analysis
Hodnotenie maloobchodných sietí z pohľadu seniorov. Analýza pohodlia pri nákupe, vzťahu cena - hodnota produktu a vlastností produktu.
Saved in:
| Main Author: | |
|---|---|
| Format: | Book Chapter |
| Language: | English |
| Subjects: | |
| Tags: |
No Tags, Be the first to tag this record!
|
MARC
| LEADER | 00000nla a2200000 4500 | ||
|---|---|---|---|
| 001 | 0220049 | ||
| 005 | 20240502083546.9 | ||
| 041 | 0 | |a eng | |
| 044 | |a NL | ||
| 245 | 1 | 0 | |a Seniors and their food shopping behavior: an empirical analysis |c Dagmar Lesáková |
| 520 | |a Hodnotenie maloobchodných sietí z pohľadu seniorov. Analýza pohodlia pri nákupe, vzťahu cena - hodnota produktu a vlastností produktu. | ||
| 610 | 2 | 0 | |a nákup |
| 610 | 2 | 0 | |a potraviny |
| 610 | 2 | 0 | |a preferencie spotrebiteľské |
| 610 | 2 | 0 | |a správanie spotrebiteľa |
| 610 | 2 | 0 | |a seniori |
| 100 | 1 | |a Lesáková, Dagmar, 1949- | |